000 01411nam0a2200349 4500
001 RU\NLR\bibl\275619
005 20250620134055.0
010 _a5-85618-102-6
_9100
021 _aRU
_b2002-4471
_9215
035 _a(NLR Aleph) 000271139
090 _a1585429
_c1585429
100 _a20020517d2002 |||y0rusy50 ca
101 0 _arus
102 _aRU
105 _aa |||||||||
200 1 _aГосударственное налоговое регулирование финансово-экономической устойчивости сельскохозяйственных предприятий
_fА. Ю. Рыманов
210 _aНовосибирск
_cЭкор
_d2002
215 _a167,[7] с.
_cил.
_d21
320 _aБиблиогр.: с. 161-167
606 0 _aСельское хозяйство
_xНалоговое обложение
_yРоссийская Федерация
_92203835
_3RU\NLR\auth\661324172
610 0 _aСельскохозяйственные предприятия - Налоговое обложение
675 _a631.1:336.1
_v3
_zrus
686 _a68.01
_2rugasnti
686 _a65.32
_2rubbk
686 _aУ26(2)141.345
700 1 _aРыманов
_bА. Ю.
_gАлександр Юрьевич
_4070
801 0 _aRU
_bRKP
_c20020517
_gPSBO
801 1 _aRU
_bRKP
_c20020517
801 2 _aRU
_bNLR
_c20020815
_grcr
942 _cBOOK
980 _aNB